Statistiques concernant Histoire commençant par la lettre A #2

Cliquez ici pour prendre le quiz!

Statistiques générales

  • Ce quiz a été pris 466 fois
  • Le résultat moyen est 10 sur 20

Statistiques - réponses

Hint Answer % Correct
Cette cité, fondée vers -800 autour de la colline de l'Acropole, est une des plus anciennes villes du monde, et fut le siège de la première république de l'histoireAthènes
96%
Nom donné à ce continent en l'honneur de ce dernierAmérique
95%
En cinq ans, plus d'un million d'hommes, femmes et enfants sont morts dans ce camp de concentration du Troisième ReichAuschwitz
82%
Conflit armé qui s'est déroulée de 1954 à 1962 et dont l'aboutissement est la reconnaissance de l'indépendance de cette ancienne colonie françaiseGuerre d'{Algérie}
82%
Littéralement "séparation" en afrikaans, l'Afrique du Sud a subi cette politique de ségrégation raciale jusqu'aux années 1990Apartheid
76%
Prénom du navigateur florentin Vespucci, qui fut le premier à émettre la thèse d'un nouveau continent lors de son expédition au sud de la Patagonie en 1502Amerigo
74%
Avant de porter ce nom, elle s'est successivement appelée depuis le directoire "Conseil des Cinq-Cents", "Chambre des représentants", "Corps législatif", "Chambres des députés"Assemblée Nationale
63%
Tribu australienne dont les premiers représentants auraient peuplé cette île il y a plus de 40 000 ansAborigènes d'Australie
61%
Pharaon d'Egypte de -1354 à -1337, dont Nefertiti était la première épouseAkhenaton
60%
Les premiers ouvrages de ces canaux souterrains ou aériens qui conduisaient l'eau datent du IIème millénaire av. J-CAqueduc
60%
Quotidien français dans lequel a été publié l'article "J'accuse…!" d'Émile Zola en janvier 1898l'{Aurore}
49%
Bien que son existence historique ne soit pas attestée, ce seigneur breton aurait organisé la défense des peuples celtes de Bretagne face aux envahisseurs germaniques à la fin du Ve siècleArthur
39%
Peuple gaulois qui fut l'une des tribus les plus puissantes et les plus riches de Gaule antique. Il a donné son nom à une région historique de France située a coeur du massif centralArvernes
36%
Littéralement "insécable" en grec ancien, ce concept aurait été formulé la première fois par les philosophes grecs Démocrite et Leucippe au Ve siècle av. J.-C.Atome
30%
Prénom partagé par les mères respectives des empereurs Néron et CaligulaAgrippine
26%
Ce mot est apparu en Europe au moment de la rencontre entre les Croisés et le monde musulman, au Moyen-Orient. Désignant à la base la communauté mystique chiite des Nizârites, on évoque souvent son étymologie reliée aux fumeurs de haschischAssassins
22%
Califat sunnite ayant gouverné le monde musulman de 750 à 1258, marqué notamment par la fondation de la capitale de Bagdad.Abbasside
18%
Royaume franc de l'époque mérovingienne, littéralement "Royaume de l'est", qui couvrait le nord-est de la France actuelleAustrasie
16%
Cet empire perse du Ier millénaire av. J.-C, fut le premier à régner sur une grande partie du Moyen-OrientAchéménide
9%
Cet État a profondément marqué l'histoire de la Mésopotamie sur laquelle il a régné au XXIVème et XXIIIème siècle av. JCEmpire d'Akkad
5%

Distribution des résultats

Percentile by Number Answered

% des personnes avec chaque résultat

Votre développement - résultats

Vous n’avez pas pris ce quiz